000 00898nam a2200229 a 4500
001 BRL_233
005 20190320210639.0
008 240613s1947----mx-a######---#000-0#spa-#
041 _aspa
044 _amx
050 4 _aBT660.O28
_b.B74 1947
245 1 0 _aBreve historia de la aparición y culto de Nuestra Señora de Ocotlán
_cextractada de la que escribió el M. I. Señor Don Nicanor Quirós y Gutiérrez y arreglada por el Párroco y Capellán de la Colegiata, Don José Ignacio Cortés.
260 _aOcotlán, Tlaxcala, México
_b[s.n.]
_c1947
300 _a31 p.
_c24 cm.
500 _aAu55
650 1 4 _aOcotlán, Nuestra Señora de
_xHistoria
_923306
651 4 _aOcotlán, Tlaxcala
_xVida religiosa y costumbres
_zMéxico
_923307
700 1 _aQuirós y Gutiérrez, Nicanor
_923308
700 1 _aCortés, José Ignacio
_cPárroco y Capellán
_923309
902 _aGRL
942 _2lcc
_cB
999 _c9046
_d9046